[Event "Podturen Mavrin Memorial 8th"]
[Site "Podturen"]
[Date "2020.01.03"]
[Round "1"]
[White "Lalic, Kristijan"]
[Black "Benes, Miodrag"]
[Result "1-0"]
[WhiteElo "2188"]
[BlackElo "1826"]
[PlyCount "69"]
[EventDate "2020.01.03"]
[EventType "swiss"]
[EventRounds "7"]
[EventCountry "CRO"]
[SourceTitle "CBM 194 Extra"]
[Source "ChessBase"]
[SourceDate "2020.03.31"]
[SourceVersion "1"]
[SourceVersionDate "2020.03.31"]
[SourceQuality "1"]

1. e4 c5 2. Nf3 e6 3. Nc3 d6 4. g3 Nc6 5. Bg2 Be7 6. d4 cxd4 7. Nxd4 Nxd4 8. Qxd4 Bf6 9. Qd3 Qb6 10. Nb5 Be7 11. Be3 Qa5+ 12. c3 d5 13. b4 Qd8 14. Bf4 g5 15. Bc7 dxe4 16. Qxe4 Qd7 17. Qc4 a6 18. Nd4 Bd6 19. Bxd6 Qxd6 20. 0-0 Ne7 21. Rad1 Qe5 22. Rfe1 Qf6 23. Qc7 0-0 24. c4 Nf5 25. Nxf5 Qxf5 26. Rd8 Rxd8 27. Qxd8+ Kg7 28. Rd1 a5 29. b5 h5 30. Qe8 e5 31. h3 Qe6 32. Qd8 Ra7 33. Qxg5+ Qg6 34. Qxe5+ Qf6 35. Qb8 1-0

[Event "Osijek op 12th"]
[Site "Osijek"]
[Date "2019.02.22"]
[Round "3.21"]
[White "Benes, Miodrag"]
[Black "Ascic, Matos"]
[Result "1/2-1/2"]
[WhiteElo "1867"]
[BlackElo "1703"]
[PlyCount "52"]
[EventDate "2019.02.21"]
[EventType "swiss"]
[EventRounds "7"]
[EventCountry "CRO"]
[SourceTitle "EXT 2023"]
[Source "ChessBase"]
[SourceDate "2022.10.05"]
[SourceVersion "1"]
[SourceVersionDate "2022.10.05"]
[SourceQuality "1"]

1. Nf3 b6 2. g3 Bb7 3. Bg2 Nc6 4. 0-0 g6 5. e4 Bg7 6. d4 e6 7. Bg5 f6 8. Be3 Nge7 9. c4 Na5 10. Nbd2 Ba6 11. Rc1 d5 12. exd5 exd5 13. b3 Rb8 14. Re1 0-0 15. Bf4 g5 16. Be3 Bc8 17. h4 g4 18. Nh2 h5 19. Bf4 dxc4 20. bxc4 Ng6 21. Be3 f5 22. Bg5 Bf6 23. Bd5+ Kg7 24. f4 c6 25. Bg2 Qxd4+ 26. Kh1 Bxg5 1/2-1/2

[Event "CRO-chT2 Ost"]
[Site "Croatia"]
[Date "2015.10.18"]
[Round "9.56"]
[White "Lukic, Milutin"]
[Black "Benes, Miodrag"]
[Result "1/2-1/2"]
[WhiteElo "1982"]
[BlackElo "1904"]
[PlyCount "68"]
[EventDate "2015.04.25"]
[EventType "team-tourn"]
[EventRounds "11"]
[EventCountry "CRO"]
[SourceTitle "EXT 2016"]
[Source "ChessBase"]
[SourceDate "2015.10.08"]
[SourceVersion "1"]
[SourceVersionDate "2015.10.08"]
[SourceQuality "1"]

1. d4 Nf6 2. Nf3 d5 3. Bf4 c6 4. c3 e6 5. e3 b6 6. Qa4 Bd7 7. Ne5 b5 8. Qc2 Nh5 9. Bg3 Nxg3 10. hxg3 g6 11. Bd3 Bg7 12. f4 f5 13. Nd2 0-0 14. Ndf3 Be8 15. Ng5 Bxe5 16. dxe5 Rf7 17. Nxe6 Qe7 18. Ng5 Rg7 19. Rh6 Nd7 20. 0-0-0 Nc5 21. Rdh1 Ne6 22. Nxh7 a5 23. Bxf5 Ra7 24. Bxe6+ Qxe6 25. Nf6+ Kf7 26. Nxe8 Kxe8 27. Rh8+ Kf7 28. Qf2 Qf5 29. e4 Qd7 30. exd5 cxd5 31. Qb6 Qe7 32. e6+ Qxe6 33. Qxe6+ Kxe6 34. Re1+ Kd6 1/2-1/2

[Event "CRO-chT2 Ost"]
[Site "Croatia"]
[Date "2015.10.17"]
[Round "7.66"]
[White "Zagorscak, Dino"]
[Black "Benes, Miodrag"]
[Result "0-1"]
[WhiteElo "1728"]
[BlackElo "1904"]
[PlyCount "70"]
[EventDate "2015.04.25"]
[EventType "team-tourn"]
[EventRounds "11"]
[EventCountry "CRO"]
[SourceTitle "EXT 2016"]
[Source "ChessBase"]
[SourceDate "2015.10.08"]
[SourceVersion "1"]
[SourceVersionDate "2015.10.08"]
[SourceQuality "1"]

1. e4 c5 2. c4 d6 3. f4 Nc6 4. Nf3 e5 5. fxe5 dxe5 6. Nc3 Bg4 7. Be2 Bxf3 8. Bxf3 Qh4+ 9. g3 Qd8 10. Nd5 Be7 11. 0-0 Nf6 12. d3 Nd4 13. Be3 0-0 14. Bxd4 cxd4 15. Qa4 Nd7 16. b4 a5 17. bxa5 Nc5 18. Qb5 Nxd3 19. Qxb7 Bd6 20. Rfb1 Qxa5 21. Qd7 Qd8 22. Qf5 Nc5 23. Rf1 d3 24. Kg2 Ne6 25. h4 Nd4 26. Qg4 Be7 27. h5 h6 28. Rf2 Bg5 29. Raf1 d2 30. Bd1 Rxa2 31. Nc3 Ra3 32. Nb1 Rd3 33. Kh1 Qa8 34. Bf3 Nxf3 35. Rxf3 d1Q 0-1

[Event "Pula op 29th"]
[Site "Pula"]
[Date "2015.06.13"]
[Round "1"]
[White "Medak, Bojan"]
[Black "Benes, Miodrag"]
[Result "1-0"]
[WhiteElo "2396"]
[BlackElo "1905"]
[PlyCount "55"]
[EventDate "2015.06.13"]
[EventType "swiss"]
[EventRounds "9"]
[EventCountry "CRO"]
[SourceTitle "CBM 167 Extra"]
[Source "ChessBase"]
[SourceDate "2015.09.14"]
[SourceVersion "1"]
[SourceVersionDate "2015.09.14"]
[SourceQuality "1"]

1. c4 Nf6 2. g3 e5 3. Bg2 d5 4. cxd5 Nxd5 5. Nc3 Be6 6. Nf3 Nd7 7. d4 Nxc3 8. bxc3 Bd6 9. Ng5 c6 10. Nxe6 fxe6 11. Qb3 exd4 12. Qxe6+ Qe7 13. Qxe7+ Bxe7 14. cxd4 Bf6 15. Rb1 Nb6 16. e3 0-0-0 17. 0-0 Rhe8 18. Bd2 Nc4 19. Bb4 a5 20. Bc3 Kc7 21. Rfc1 a4 22. Bf1 Na3 23. Ba5+ Kc8 24. Bxd8 Rxd8 25. Rb4 Rd5 26. Rxa4 Be7 27. Bd3 Kb8 28. Bxh7 1-0

[Event "CRO-chT2 Ost"]
[Site "Croatia"]
[Date "2015.05.09"]
[Round "4.26"]
[White "Sarcevic, Zelimir"]
[Black "Benes, Miodrag"]
[Result "1-0"]
[WhiteElo "1976"]
[BlackElo "1967"]
[PlyCount "97"]
[EventDate "2015.04.25"]
[EventType "team-tourn"]
[EventRounds "11"]
[EventCountry "CRO"]
[SourceTitle "EXT 2016"]
[Source "ChessBase"]
[SourceDate "2015.10.08"]
[SourceVersion "1"]
[SourceVersionDate "2015.10.08"]
[SourceQuality "1"]

1. e4 c5 2. Nf3 g6 3. d4 cxd4 4. c3 dxc3 5. Nxc3 Bg7 6. Bc4 Nc6 7. 0-0 d6 8. h3 Nf6 9. Qe2 Nd7 10. Bxf7+ Kxf7 11. Ng5+ Ke8 12. Ne6 Qa5 13. Nxg7+ Kf7 14. Bh6 Nf6 15. Rad1 Rg8 16. Qc4+ e6 17. Rxd6 Rxg7 18. Bxg7 Kxg7 19. Rfd1 Qb4 20. Qe2 Ne5 21. R6d4 Qa5 22. b4 Qc7 23. Nb5 Qe7 24. Nd6 b6 25. b5 Bd7 26. Qb2 Kg8 27. a4 Be8 28. Qc2 Nf7 29. Nxe8 Qxe8 30. Qc7 Qc8 31. Qe7 Kg7 32. f4 Qf8 33. Qb7 Qc8 34. Qe7 Qf8 35. Qxe6 Re8 36. Qc6 Qc5 37. e5 Qxc6 38. bxc6 Nh5 39. g4 Nxe5 40. fxe5 Rxe5 41. gxh5 Rc5 42. Rd7+ Kh6 43. hxg6 hxg6 44. c7 a6 45. R1d6 b5 46. Rxa6 bxa4 47. Rxa4 Kg5 48. Kg2 Rc3 49. Re4 1-0

[Event "Osijek op"]
[Site "Osijek"]
[Date "2015.03.07"]
[Round "5"]
[White "Biljcevic, Miodrag"]
[Black "Benes, Miodrag"]
[Result "0-1"]
[WhiteElo "1816"]
[BlackElo "1967"]
[PlyCount "98"]
[EventDate "2015.03.05"]
[EventType "swiss"]
[EventRounds "7"]
[EventCountry "CRO"]
[SourceTitle "CBM 165 Extra"]
[Source "ChessBase"]
[SourceDate "2015.04.21"]
[SourceVersion "1"]
[SourceVersionDate "2015.04.21"]
[SourceQuality "1"]

1. d4 Nf6 2. c4 g6 3. Nc3 Bg7 4. e3 0-0 5. Nf3 d6 6. Bd3 c5 7. 0-0 a6 8. d5 Bg4 9. h3 Bd7 10. a4 b6 11. Qc2 Qc8 12. Kh2 Qb7 13. e4 Ne8 14. Bf4 Nc7 15. e5 Ne8 16. Kh1 Qc7 17. Rfe1 dxe5 18. Bxe5 Bxe5 19. Nxe5 Ng7 20. Rad1 Ra7 21. Nf3 Bf5 22. Ne4 Nd7 23. Nfg5 Ne5 24. Qe2 Nxd3 25. Rxd3 Rb7 26. Re3 h6 27. Nf3 Bxe4 28. Rxe4 e6 29. Rd1 exd5 30. cxd5 Nf5 31. Qxa6 Nd6 32. Qe2 Nxe4 33. Qxe4 Qe7 34. Qf4 Kg7 35. h4 Qf6 36. Qg4 Rd8 37. h5 g5 38. Nh4 Rbd7 39. Nf5+ Kf8 40. d6 Qe6 41. Qf3 Qf6 42. Qe4 Qxb2 43. Nxh6 Qh8 44. Ng4 Qxh5+ 45. Kg1 Rxd6 46. Rxd6 Rxd6 47. Qf3 Re6 48. Qd1 Re1+ 49. Qxe1 Qxg4 0-1

[Event "Osijek op"]
[Site "Osijek"]
[Date "2015.03.05"]
[Round "2"]
[White "Benes, Miodrag"]
[Black "Pralija, Marin"]
[Result "1-0"]
[WhiteElo "1967"]
[BlackElo "1751"]
[PlyCount "41"]
[EventDate "2015.03.05"]
[EventType "swiss"]
[EventRounds "7"]
[EventCountry "CRO"]
[SourceTitle "CBM 165 Extra"]
[Source "ChessBase"]
[SourceDate "2015.04.21"]
[SourceVersion "1"]
[SourceVersionDate "2015.04.21"]
[SourceQuality "1"]

1. d4 d5 2. c4 e6 3. Nc3 Nf6 4. Bg5 Be7 5. Nf3 0-0 6. e3 Bb4 7. Bd3 Bxc3+ 8. bxc3 Nbd7 9. 0-0 b6 10. cxd5 exd5 11. Qc2 h6 12. Bh4 c5 13. Ne5 g5 14. Bg3 c4 15. Bf5 Nxe5 16. Bxe5 Bxf5 17. Qxf5 Ne4 18. Rac1 Qc8 19. Qf3 Nd2 20. Qf6 Nf3+ 21. gxf3 1-0